|
|
|
|
| LEADER |
00991nam a2200205 a 4500 |
| 001 |
00015398 |
| 008 |
120303s2000 bg 000 0 ben d |
| 020 |
|
|
|a 9844101743
|
| 040 |
|
|
|a BD-DhAAL
|c BD-DhAAL
|
| 082 |
0 |
0 |
|a 338.9549/2
|2 22
|
| 100 |
1 |
|
|a ইউনূস,মুহাম্মদ
|
| 245 |
1 |
0 |
|a বাংলাদেশ ২০১০,/
|c মুহাম্মদ ইউনূস
|
| 260 |
|
|
|a ঢাকা :
|b মাওলা ব্রাদার্স,
|c ২০০০
|
| 300 |
|
|
|a ৭৮ পৃ. ;
|c ২৩ সে.মি.
|
| 541 |
1 |
|
|e 00015398
|
| 650 |
|
0 |
|a Bangladesh
|x Economic policy.
|
| 852 |
1 |
|
|a Ayesha Abed Library
|j General shelf
|
| 999 |
|
|
|c 12063
|d 12063
|
| 952 |
|
|
|0 0
|1 0
|2 ddc
|4 0
|6 338_954920000000000_YUN
|7 0
|9 19876
|a BRACUL
|b BRACUL
|c GEN
|d 2012-04-03
|l 3
|o 338.95492 YUN
|p 3010015398
|r 2014-11-25
|s 2014-11-19
|t 2
|w 2012-04-03
|y BK
|
| 952 |
|
|
|0 0
|1 0
|2 ddc
|4 0
|6 338_954920000000000_YUN
|7 0
|9 44374
|a BRACUL
|b BRACUL
|c GEN
|d 2014-12-06
|l 1
|m 2
|o 338.95492 YUN
|p 3010015397
|r 2025-03-22
|s 2025-03-11
|t 1
|w 2014-12-06
|y BK
|